| 000 | 00587nam a2200193 a 4500 | ||
|---|---|---|---|
| 005 | 20240228064005.0 | ||
| 008 | 090616s2003 es r 000 0 spa d | ||
| 020 | _a8495732378 | ||
| 035 | _aUPN01000171196 | ||
| 049 | _aI | ||
| 050 | 4 |
_aPZ71 _bC3.77 |
|
| 100 | 1 | _aCapdevila, Roser | |
| 245 | 1 | 4 |
_aLas tres mellizas bebés : _b¡al agua! / _cRoser Capdevila. |
| 260 |
_a[Barcelona, Esp.] : _bCromosoma, _cc2003. |
||
| 300 |
_a[10] p. : _bprincipalmente il. col. |
||
| 650 | 4 |
_aLibros y lectura para niños _92290 |
|
| 650 | 4 |
_aLIBROS INFANTILES CON LAMINAS _911453 |
|
| 905 | _aInfantil | ||
| 999 |
_c143301 _d143301 |
||